=LDR 00000nam 2200000 4500 =001 INLIS000000000007449 =005 20200616081816 =035 ##$$a 0010-061300000007449 =008 200616################g##########0#ind## =041 ##$$a Ind =082 ##$$a 2x4.1 =090 ##$$a 2x4.1, Mau p =100 ##$$a Maududi, Abul A'la =245 1#$$a Pengertian agama ibadah dan Ketuhanan Yang Maha Esa dalam Al-Qur'an /$c Abul A'la Maududi; Alih bahasa, Mahyuddi syaf =260 ##$$a Bandung :$b Sinar baru,$c 1986 =300 ##$$a 153 hlm ; $c 13,5 x 19, 5 cm =650 #4$$a Islam-Ibadah =084 ##$$a 2x4.1 MAU p =250 ##$$a Cet. 1 =990 ##$$a 37.027/Pb-91 =990 ##$$a 37.027/Pb-91